Limitaciones en la deducibilidad de gastos en actividades económicas con el método de estimación directa en el IRPF y otros cuestiones que afectan a la capacidad económica de los contribuyentes /

Uloženo v:
Podrobná bibliografie
Hlavní autor: Arribas García, Verónica (autor.)
Médium: E-kniha
Jazyk:angličtina
Vydáno: Madrid : Aranzadi La Ley, 2025.
Témata:
On-line přístup:https://elibro.unach.elogim.com/es/lc/unach/titulos/285616
Tagy: Přidat tag
Žádné tagy, Buďte první, kdo vytvoří štítek k tomuto záznamu!

MARC

LEADER 00000nam a2200000 i 4500
001 ELB285616
003 FINmELB
005 20250822112014.0
006 m o u
007 cr cn|||||||||
008 250822s2025 sp ob 000 0 eng d
020 |z 9788410851276 
035 |a (OCoLC)1538593279 
040 |a FINmELB  |b spa  |e rda  |c FINmELB 
050 1 4 |a K4515  |b A775 2025 
080 |a 336.226.11 
082 0 4 |a 343.43  |2 23 
100 1 |a Arribas García, Verónica,  |e autor. 
245 1 0 |a Limitaciones en la deducibilidad de gastos en actividades económicas con el método de estimación directa en el IRPF y otros cuestiones que afectan a la capacidad económica de los contribuyentes /  |c Verónica Arribas García. 
264 1 |a Madrid :  |b Aranzadi La Ley,  |c 2025. 
300 |a 1 recurso en línea (273 páginas) 
336 |a texto  |b txt  |2 rdamedia/spa 
337 |a computadora  |b c  |2 rdamedia/spa 
338 |a recurso en línea  |b cr  |2 rdacarrier/spa 
504 |a Contiene bibliografía. 
588 |a Descripción basada en metadatos suministrados por el editor y otras fuentes. 
590 |a Recurso electrónico. Santa Fe, Arg.: elibro, 2025. Disponible vía World Wide Web. El acceso puede estar limitado para las bibliotecas afiliadas a elibro. 
650 4 |a Impuestos  |x Deducciones. 
655 4 |a Libros electrónicos. 
797 2 |a elibro, Corp. 
856 4 0 |u https://elibro.unach.elogim.com/es/lc/unach/titulos/285616